00391 2200157 4500001002100000005001500021035002000036245004600056100002100102300002600123260002800149082000800177084001400185020002200199990001200221INLIS00000000000295120250917112501 a0010-09250002981 aKesetiaan Yang Sejati /cEidelweis Almira0 aEidelweis Almira a200 hlm ;c13 x 19 cm aJakarta :bZettu,c2013 a813 a813 EID k a978-602-7735-65-1 a0755682